000 01015cam a2200253 a 4500
001 000003143
005 20200929150337.0
008 790126s1970 ve 001 f spa
040 _aDO-SdBNP
_bspa
_cBNPHU
041 1 7 _aspa
_heng
082 _a814
_bF452e
100 1 _aFiedler, Leslie A.
_q(Leslie Aron),
_d1917-2003
_99916
240 1 0 _aWaiting for the end: the crisis in American culture, race and sex.
_lEspañol
245 1 0 _aEsperando el fin :
_bla crisis cultural, racial y sexual en los Estados Unidos. Ensayo /
_cLeslie A. Fiedler.
260 _aCaracas :
_bMonte Ávila ,
_c1970.
300 _a278 p. ;
_c20 cm.
490 1 _aPrisma
504 _aIncluye notas al pie de las páginas
534 _pTítulo original :
_tWaiting for the end: the crisis in Amercan culture, race and sex.
650 4 _aLiteratura estadounidense
_xEnsayos
_99917
650 4 _aLiteratura estadounidense
_ySIGLO XX
_xHistoria y crítica
_98968
651 4 _aEstados Unidos
_xCivilización
_y1945-
_99918
830 0 _aPrisma
_93770
999 _c2974
_d2974